000
00328nam a2200145Ia 4500
008
230605s1985 xx 000 0 und d
041
_a
eng
100
_a
Diane
245
_a
Hundred Dishes for simmers
260
_b
Octopus Book Ltd.
_c
1985
300
_a
64p
520
_a
General
520
_a
Hard Board
650
_a
F.Pro
999
_c
419695
_d
419695